| 000 | 00688cab a2200217 4500 | ||
|---|---|---|---|
| 001 | WB2307-46 | ||
| 008 | 090401t1987 xxu||||| |||| 00| 0 eng d | ||
| 035 | _a(Sirsi) u13392 | ||
| 041 | _aeng | ||
| 245 | _aWhat the London residential buyer seeks | ||
| 260 | _c1987 | ||
| 350 | _a0 | ||
| 490 |
_aFinancial Times _vWeekend 7/2/87 p7 |
||
| 520 | _aLooks at the results of research by several of London`s top estate agencies into the requirements of potential buyers of luxury residential property in London. | ||
| 650 | _aHOUSE BUYERS | ||
| 650 | _aHOUSING MARKET | ||
| 650 | _aPURCHASERS REQUIREMENTS | ||
| 690 | _aPROPERTY LAW AND PRACTICE | ||
| 942 | _n0 | ||
| 948 | _c04/03/1997 | ||
| 999 |
_c8636 _d8636 |
||